| 000 | | | 04421nmc2a22003133x 450 |
| 001 | | | 73d0e705-b482-4a40-afb8-9bc1e27308a2 |
| 005 | | | 20221202103954.0 |
| 100 | ## | $a | 20221115l19281929k y0rusy50 ca |
| 101 | 0# | $a | rus |
| | $a | geo |
| 102 | ## | $a | RU |
| 105 | ## | $a | a z ||||| |
| 122 | 2# | $a | d19280609 |
| | $a | d19291018 |
| 122 | 0# | $a | d1928 |
| 200 | 1# | $a | Об обследовании Тифлиского Городского Совета в 1928 г. |
| | $j | 09.06.1928 - 18.10.1929 |
| 215 | ## | $a | 383 листа |
| | $c | табл., ил. |
| 251 | ## | $c | Дело |
| 300 | ## | $a | На папке дела: 9 апреля 1928 г. - 18 октября 1929 г. |
| 300 | ## | $a | Часть текста на грузинском языке |
| 300 | ## | $a | Нумерация начинается с конца дела |
| 300 | ## | $a | Листы: 326-326ш, 325-325х - брошюры - 2 шт.; 267 - газетный лист; 111 и 112, 167а и 168 - между листами чистый лист |
| 300 | ## | $a | Часть текста машинописная и рукописная, часть - напечатана типографским способом |
| 324 | ## | $a | В деле имеются копии отдельных документов |
| 461 | #0 | $1 | 001796d4672-8a00-4986-b488-6e42273792cc |
| | $1 | 2001 |
| | $a | ЦЕНТРАЛЬНЫЙ ИСПОЛНИТЕЛЬНЫЙ КОМИТЕТ СССР (ЦИК СССР). |
| | $1 | 251 |
| | $c | Фонд |
| | $1 | 852 |
| | $g | Р |
| | $j | 3316 |
| 462 | #0 | $1 | 00105a5690e-dde9-41ae-9613-7cb8e363af84 |
| | $1 | 2001 |
| | $a | Дела Секретариата Президиума ЦИК СССР. 1928 г. |
| | $v | Д. 793 |
| | $1 | 251 |
| | $c | Опись |
| | $1 | 852 |
| | $j | 21 |
| 601 | 01 | $3 | RU\NLR\AUTH\880357276 |
| | $a | СССР |
| | $b | ЦИК |
| 601 | 02 | $a | Тифлисский Городской Совет |
| 801 | #0 | $a | RU |
| | $b | GA_RF |
| 801 | #1 | $a | RU |
| | $b | ГлавНИВЦ |
| | $c | 20221115 |
| | $2 | rusmarc |
| 801 | #2 | $a | RU |
| | $b | ПБ им. Б.Н. Ельцина |
| | $c | 20221202 |
| | $g | RCR |
| | $2 | rusmarc |
| 852 | ## | $a | ГА РФ |
| | $j | 793 |
| 937 | ## | $d | 181159524 |
| | $h | ГАРФ |
| 035 | ## | $a | RuPRLIB51069011 |
| 856 | ## | $u | http://readingroom.main.prlib.ru/item.aspx?id_node=n181159524&mode=full |